[Event "24. Copenhagen Open  (Politiken Cup)"]
[Site "Copenhagen"]
[Date "2002.07.23"]
[Round "8"]
[White "Trarup, Jorgen"]
[Black "Jensen, Alexander Lindberg"]
[Result "1/2-1/2"]
[WhiteElo "1270"]
[BlackElo "1342"]
[PlyCount "89"]
[EventDate "2002.07.15"]
[EventType "swiss"]
[EventRounds "11"]
[EventCountry "DEN"]
[SourceDate "2004.01.01"]

1. e4 d5 2. exd5 Qxd5 3. Nc3 Qa5 4. Qf3 c6 5. Bc4 Nf6 6. h3 e6 7. Nge2 Nbd7 8.
d4 Bd6 9. O-O O-O 10. Bd2 Qc7 11. Rad1 Nb6 12. Bb3 Bd7 13. Bg5 Nbd5 14. Bxf6
Nxf6 15. Ne4 Nxe4 16. Qxe4 Rae8 17. c3 f5 18. Qd3 Rf6 19. Ng3 Bxg3 20. fxg3 Kh8
21. Rde1 Qd6 22. Re5 b6 23. Rfe1 Bc8 24. Rxf5 exf5 25. Rxe8+ Rf8 26. Rxf8+ Qxf8
27. Qf3 Qd6 28. Qf4 Qxf4 29. gxf4 h6 30. Kf2 g5 31. Kf3 Kg7 32. fxg5 hxg5 33.
g4 Kf6 34. Bc2 fxg4+ 35. hxg4 Be6 36. Be4 Bd5 37. b3 b5 38. a3 a6 39. Bxd5 cxd5
40. Ke3 Ke6 41. Kd3 Kd6 42. c4 Kc6 43. Kc3 a5 44. c5 Kc7 45. b4 1/2-1/2

[Event "24. Copenhagen Open  (Politiken Cup)"]
[Site "Copenhagen"]
[Date "2002.07.23"]
[Round "8"]
[White "Tretvold, Martin"]
[Black "Bogdanov, Max"]
[Result "1-0"]
[WhiteElo "1801"]
[BlackElo "1302"]
[PlyCount "39"]
[EventDate "2002.07.15"]
[EventType "swiss"]
[EventRounds "11"]
[EventCountry "DEN"]
[SourceDate "2004.01.01"]

1. e4 c6 2. Nf3 d5 3. Nc3 dxe4 4. Nxe4 Nd7 5. Qe2 e6 6. b3 Ngf6 7. Bb2 Be7 8.
O-O-O Nxe4 9. Qxe4 Nf6 10. Qf4 O-O 11. Bd3 Qa5 12. Qh4 Ba3 13. g4 Bxb2+ 14.
Kxb2 Qb4 15. Rdg1 h6 16. Qg3 Nh7 17. g5 hxg5 18. Bxh7+ Kxh7 19. Nxg5+ Kg8 20.
Nxe6 1-0

[Event "24. Copenhagen Open  (Politiken Cup)"]
[Site "Copenhagen"]
[Date "2002.07.23"]
[Round "8"]
[White "Vang, Finnbjorn"]
[Black "Leimand, Hans Erik"]
[Result "1/2-1/2"]
[WhiteElo "1937"]
[BlackElo "1587"]
[PlyCount "127"]
[EventDate "2002.07.15"]
[EventType "swiss"]
[EventRounds "11"]
[EventCountry "DEN"]
[SourceDate "2004.01.01"]

1. e4 c5 2. d4 cxd4 3. c3 d6 4. Nf3 e6 5. Bc4 Nf6 6. Qe2 Be7 7. O-O O-O 8. cxd4
a6 9. a4 d5 10. exd5 Nxd5 11. Nc3 Nc6 12. Rd1 Re8 13. Ne5 Nxc3 14. bxc3 Nxe5
15. Qxe5 Bf6 16. Qe2 Bd7 17. Bd3 Bc6 18. Bf4 Qd5 19. f3 Qa5 20. Qc2 h6 21. Bd6
Rac8 22. Bb4 Qg5 23. Qf2 Bd5 24. f4 Qh5 25. Be2 Qg6 26. Re1 Be7 27. Ba5 Bd8 28.
Bxd8 Rexd8 29. Ra3 Rc7 30. Rc1 Rdc8 31. a5 f6 32. c4 Bxc4 33. Re1 Bxe2 34. Qxe2
Re7 35. d5 Rc2 36. Qf3 e5 37. d6 Rd7 38. f5 Qf7 39. Rb3 Rd2 40. Reb1 R2xd6 41.
Rxb7 Rxb7 42. Rxb7 Qd5 43. Rb8+ Kh7 44. Qxd5 Rxd5 45. Kf2 Rxa5 46. g4 Ra4 47.
Kg3 Ra3+ 48. Kh4 g5+ 49. fxg6+ Kxg6 50. Rg8+ Kf7 51. Rh8 Kg7 52. Ra8 Ra2 53.
Kg3 a5 54. h4 Ra1 55. Ra7+ Kg8 56. Kf3 a4 57. Ke4 a3 58. Kf5 a2 59. Kg6 Kf8 60.
Kxh6 Rh1 61. Rxa2 Rxh4+ 62. Kg6 Rxg4+ 63. Kxf6 Rf4+ 64. Kxe5 1/2-1/2

[Event "24. Copenhagen Open  (Politiken Cup)"]
[Site "Copenhagen"]
[Date "2002.07.23"]
[Round "8"]
[White "Volokitin, Alexander"]
[Black "Helin, Mikael"]
[Result "1-0"]
[WhiteElo "1600"]
[BlackElo "2016"]
[PlyCount "121"]
[EventDate "2002.07.15"]
[EventType "swiss"]
[EventRounds "11"]
[EventCountry "DEN"]
[SourceDate "2004.01.01"]

1. e4 c5 2. Nf3 a6 3. c3 d5 4. exd5 Nf6 5. d4 cxd4 6. Qa4+ Qd7 7. Qxd7+ Nbxd7
8. c4 b5 9. cxb5 Nxd5 10. Nxd4 e5 11. Nc2 axb5 12. Bxb5 Nc7 13. Nc3 Ra5 14. a4
Nxb5 15. Nxb5 Nc5 16. Bd2 Rxa4 17. O-O Rg4 18. Ra8 Kd7 19. Ne3 Rg6 20. Bb4 Bb7
21. Rd1+ Ke6 22. Re8+ Kf6 23. Rxf8 Rxf8 24. Rd6+ Ne6 25. Rxe6+ Kxe6 26. Bxf8 f5
27. Nd6 Be4 28. Nxe4 fxe4 29. Kf1 Kf7 30. Bb4 Rh6 31. Ng4 Ra6 32. Nxe5+ Ke6 33.
Ng4 Kd5 34. Bc3 Kc4 35. Ke2 g5 36. Nf6 h6 37. Nxe4 Re6 38. Kf3 h5 39. Nxg5 Re8
40. Nh7 Re7 41. Nf6 Rf7 42. Kg3 Rg7+ 43. Kh3 h4 44. g3 hxg3 45. fxg3 Kd3 46.
Kh4 Ke2 47. g4 Kf3 48. g5 Kg2 49. Kh5 Rc7 50. Kh6 Rc4 51. g6 Rh4+ 52. Kg7 Rc4
53. Kf8 Rc8+ 54. Ne8 Rc5 55. g7 Rf5+ 56. Bf6 Kh3 57. g8=Q Rf3 58. Qg3+ Rxg3 59.
hxg3 Kxg3 60. b4 Kf4 61. Nd6 1-0

[Event "24. Copenhagen Open  (Politiken Cup)"]
[Site "Copenhagen"]
[Date "2002.07.24"]
[Round "9"]
[White "Aaberg, Anton"]
[Black "Ekeberg, Carl Fredrik"]
[Result "1/2-1/2"]
[WhiteElo "2408"]
[BlackElo "2213"]
[PlyCount "87"]
[EventDate "2002.07.15"]
[EventType "swiss"]
[EventRounds "11"]
[EventCountry "DEN"]
[SourceDate "2004.01.01"]

1. d4 Nf6 2. c4 e6 3. Nc3 Bb4 4. Bg5 h6 5. Bh4 c5 6. e3 Qa5 7. Qc2 Ne4 8. Nge2
Nd6 9. a3 cxd4 10. Nxd4 Bxc3+ 11. Qxc3 Qxc3+ 12. bxc3 Na6 13. f3 b6 14. O-O-O
f6 15. Be2 Ke7 16. e4 Nf7 17. Bg3 Bb7 18. Kc2 Rhd8 19. Rd2 Bc6 20. Nxc6+ dxc6
21. Rxd8 Rxd8 22. a4 e5 23. Bf2 c5 24. Rb1 Nd6 25. h4 Nb8 26. a5 Nd7 27. axb6
axb6 28. Ra1 Rb8 29. g3 Ke6 30. Bd3 Ke7 31. Be3 Ke6 32. Bf1 Ke7 33. Ra4 Rb7 34.
Bh3 Rb8 35. h5 Rb7 36. Kd3 Rc7 37. f4 Rb7 38. Bf2 Rc7 39. Ra8 Rb7 40. Ra6 Rc7
41. Bg4 Rb7 42. Bd1 Nc8 43. Ra8 Kd8 44. Ra2 1/2-1/2

[Event "24. Copenhagen Open  (Politiken Cup)"]
[Site "Copenhagen"]
[Date "2002.07.24"]
[Round "9"]
[White "Andersen, Esben"]
[Black "Baldursson, Rani"]
[Result "1/2-1/2"]
[WhiteElo "1690"]
[BlackElo "1426"]
[PlyCount "98"]
[EventDate "2002.07.15"]
[EventType "swiss"]
[EventRounds "11"]
[EventCountry "DEN"]
[SourceDate "2004.01.01"]

1. c4 e5 2. Nc3 Nc6 3. g3 f5 4. Bg2 d6 5. d3 Nf6 6. f3 Be6 7. e4 Be7 8. Nge2
fxe4 9. fxe4 Qd7 10. O-O Bh3 11. Nd5 Bxg2 12. Kxg2 O-O-O 13. Nec3 Kb8 14. Be3
a6 15. Rb1 Rhf8 16. b4 Nxd5 17. Nxd5 Rxf1 18. Qxf1 Rf8 19. Qd1 Bd8 20. b5 axb5
21. Rxb5 Nd4 22. Rb2 Ne6 23. a4 c6 24. Nb4 Ba5 25. Qb3 Bxb4 26. Qxb4 c5 27. Qa3
Qf7 28. Rf2 Qd7 29. Ra2 Qf7 30. Rf2 Qd7 31. Rxf8+ Nxf8 32. h3 Ne6 33. a5 Qc6
34. Qa2 Ka7 35. Qf2 Qe8 36. Qb2 Qc6 37. Qf2 Qe8 38. Qf5 g6 39. Qf6 Qd7 40. Qf2
Qc7 41. Bd2 Nd4 42. h4 Nb3 43. Bc3 Nxa5 44. g4 Nc6 45. g5 Qd7 46. Kg3 Qe7 47.
Qf6 Qd7 48. Qf2 Ne7 49. Qf8 Nc6 1/2-1/2

[Event "24. Copenhagen Open  (Politiken Cup)"]
[Site "Copenhagen"]
[Date "2002.07.24"]
[Round "9"]
[White "Andreasen, Bjarke"]
[Black "Mathiesen, Erik"]
[Result "0-1"]
[WhiteElo "1616"]
[BlackElo "1958"]
[PlyCount "66"]
[EventDate "2002.07.15"]
[EventType "swiss"]
[EventRounds "11"]
[EventCountry "DEN"]
[SourceDate "2004.01.01"]

1. d4 d5 2. c4 dxc4 3. e3 Nf6 4. Nf3 g6 5. Bxc4 Bg7 6. O-O O-O 7. Nc3 b6 8. Qe2
Bb7 9. e4 e6 10. Re1 c6 11. Be3 Nbd7 12. Rac1 Rc8 13. e5 Nd5 14. Bg5 Nxc3 15.
Rxc3 Qe8 16. Ba6 Bxa6 17. Qxa6 Rc7 18. Rec1 Nb8 19. Qd3 Qd7 20. Nd2 h6 21. Be3
Rd8 22. Qe2 c5 23. dxc5 Bxe5 24. cxb6 Rxc3 25. bxc3 axb6 26. Nc4 Bg7 27. Nxb6
Qc6 28. h3 Qe4 29. a4 Rd3 30. Qb2 Nc6 31. Qb3 Rxe3 32. fxe3 Qxe3+ 33. Kh2 Be5+
0-1

[Event "24. Copenhagen Open  (Politiken Cup)"]
[Site "Copenhagen"]
[Date "2002.07.24"]
[Round "9"]
[White "Auchenberg, Per"]
[Black "Christensen, Stefan"]
[Result "0-1"]
[WhiteElo "2022"]
[BlackElo "2194"]
[PlyCount "78"]
[EventDate "2002.07.15"]
[EventType "swiss"]
[EventRounds "11"]
[EventCountry "DEN"]
[SourceDate "2004.01.01"]

1. f4 d5 2. b3 Bg4 3. Bb2 e6 4. g3 Nf6 5. h3 Bh5 6. d3 Bc5 7. Qd2 c6 8. e3 Qb6
9. Kf2 Nbd7 10. Bg2 O-O-O 11. Nf3 Bxf3 12. Bxf3 Bd6 13. d4 Rdg8 14. c4 Qd8 15.
c5 Bc7 16. h4 h6 17. Nc3 g5 18. b4 Rg7 19. b5 Rhg8 20. bxc6 bxc6 21. Qd3 Nb8
22. Ne2 gxf4 23. exf4 Ng4+ 24. Bxg4 Rxg4 25. Bc1 f6 26. Rb1 e5 27. Qf5+ Qd7 28.
Qxd7+ Nxd7 29. fxe5 fxe5 30. dxe5 Bxe5 31. Bxh6 Nxc5 32. Bg5 Rf8+ 33. Kg2 Ne4
34. Kh3 Nf2+ 35. Kg2 Nxh1 36. Rxh1 d4 37. Rd1 Re4 38. Ng1 Bg7 39. Rd2 Kd7 {Time
} 0-1

[Event "24. Copenhagen Open  (Politiken Cup)"]
[Site "Copenhagen"]
[Date "2002.07.24"]
[Round "9"]
[White "Bilfeldt, Anders"]
[Black "Skovgaard, Peter Nicolai"]
[Result "1-0"]
[WhiteElo "1287"]
[BlackElo "1679"]
[PlyCount "117"]
[EventDate "2002.07.15"]
[EventType "swiss"]
[EventRounds "11"]
[EventCountry "DEN"]
[SourceDate "2004.01.01"]

1. d4 d5 2. c4 e6 3. Nc3 Nf6 4. Nf3 c6 5. Bg5 Nbd7 6. e3 Be7 7. Bd3 dxc4 8.
Bxc4 b5 9. Bd3 a6 10. O-O c5 11. Rb1 O-O 12. Qe2 Bb7 13. Rfd1 c4 14. Bc2 h6 15.
Bf4 Nb6 16. a3 Nbd5 17. Nxd5 Nxd5 18. Bg3 Nf6 19. Rbc1 Ne4 20. Nd2 Nxg3 21.
hxg3 f5 22. Nb1 g5 23. Nc3 Qd7 24. Rd2 Qc6 25. e4 g4 26. Re1 Bg5 27. Rdd1 Rae8
28. Qf1 h5 29. exf5 exf5 30. Rxe8 Qxe8 31. Qe1 Qf7 32. Qe5 Qf6 33. Qxf6 Rxf6
34. d5 Bc8 35. Re1 Kf7 36. Re5 Bc1 37. Nd1 Rd6 38. f4 Kf6 39. Kf2 Bd2 40. Ke2
Bc1 41. Bb1 Rd8 42. Bc2 h4 43. Kf2 Rg8 44. Bb1 h3 45. Kg1 hxg2 46. Kxg2 Bb7 47.
Nc3 a5 48. Re6+ Kf7 49. Rb6 Rb8 50. Kf2 Bxb2 51. Nxb5 Kf8 52. d6 c3 53. Bxf5 c2
54. Bxc2 Bf6 55. Be4 Re8 56. Bxb7 Rb8 57. Rc6 Rxb7 58. Rc8+ Kf7 59. Rc7+ 1-0

[Event "24. Copenhagen Open  (Politiken Cup)"]
[Site "Copenhagen"]
[Date "2002.07.24"]
[Round "9"]
[White "Bjerke, Silje"]
[Black "Jenal, Juerg"]
[Result "1-0"]
[WhiteElo "2064"]
[BlackElo "2194"]
[PlyCount "69"]
[EventDate "2002.07.15"]
[EventType "swiss"]
[EventRounds "11"]
[EventCountry "DEN"]
[SourceDate "2004.01.01"]

1. d4 Nf6 2. c4 c5 3. d5 e6 4. Nc3 exd5 5. cxd5 Bd6 6. e4 O-O 7. Be3 Re8 8. f3
a6 9. a4 Qc7 10. g3 Be5 11. Nge2 d6 12. Bg2 Nbd7 13. O-O g6 14. f4 Ng4 15. Bc1
Bg7 16. e5 c4 17. Bf3 Nc5 18. e6 Nb3 19. Bxg4 Nxa1 20. f5 gxf5 21. Bh5 Re7 22.
Bxf7+ Rxf7 23. exf7+ Kf8 24. Nd4 Nb3 25. Ne6+ Bxe6 26. dxe6 Qc5+ 27. Kg2 Nd4
28. Qh5 Qe5 29. Qxh7 Ke7 30. Bg5+ Kxe6 31. Qg6+ Kd7 32. Bf4 Qf6 33. Qxf6 Bxf6
34. Nd5 Ke6 35. Nc7+ 1-0

[Event "24. Copenhagen Open  (Politiken Cup)"]
[Site "Copenhagen"]
[Date "2002.07.24"]
[Round "9"]
[White "Bogdanov, Dimitri"]
[Black "Kongsted, Halfdan Christian"]
[Result "1/2-1/2"]
[WhiteElo "2096"]
[BlackElo "2224"]
[PlyCount "135"]
[EventDate "2002.07.15"]
[EventType "swiss"]
[EventRounds "11"]
[EventCountry "DEN"]
[SourceDate "2004.01.01"]

1. e4 c5 2. Nc3 e6 3. f4 a6 4. Nf3 d5 5. d3 Nc6 6. g3 Nge7 7. Bg2 g6 8. O-O Bg7
9. Kh1 d4 10. Na4 b6 11. c4 O-O 12. a3 e5 13. Rb1 a5 14. fxe5 Bg4 15. Bf4 h6
16. h3 Bxf3 17. Bxf3 g5 18. Bd2 Nxe5 19. Qe2 Qd7 20. Nxb6 Qxh3+ 21. Qh2 Qxh2+
22. Kxh2 Ra7 23. Be2 Rb8 24. Na4 Rc8 25. Rbd1 Ra6 26. Bc1 f6 27. Kh3 Rc7 28.
Bg4 Kf7 29. Bh5+ Ke6 30. Be8 Kd6 31. Bb5 Ra8 32. Nb6 Rb8 33. Na4 N7c6 34. Bxc6
Rxc6 35. Bd2 Ra6 36. Rf5 Rc8 37. Be1 Kc6 38. g4 Kd7 39. Bg3 Ke6 40. Bxe5 fxe5
41. Rdf1 Rac6 42. R1f3 R8c7 43. Kg3 Ke7 44. Rf2 Ke6 45. Kf3 Rf7 46. Ke2 Rb7 47.
Kd1 Rc8 48. Kc2 Rc6 49. Kb1 Rc8 50. Ka2 Rc6 51. Rf1 Ra7 52. Kb1 Rb7 53. Kc2 Ra7
54. Rb1 Ra8 55. b3 Raa6 56. Nb2 Rab6 57. a4 Rb8 58. Nd1 Bf6 59. Nf2 Kf7 60. Nh1
Kg6 61. Ng3 Bg7 62. Nh5 Re6 63. Rf2 Rb7 64. Ng3 Rb8 65. Nf5 Rb7 66. Rh2 Rb8 67.
Rf1 Rb7 68. Rb1 1/2-1/2

[Event "24. Copenhagen Open  (Politiken Cup)"]
[Site "Copenhagen"]
[Date "2002.07.24"]
[Round "9"]
[White "Bogdanov, Max"]
[Black "Jorgensen, Orla"]
[Result "0-1"]
[WhiteElo "1302"]
[BlackElo "1420"]
[PlyCount "104"]
[EventDate "2002.07.15"]
[EventType "swiss"]
[EventRounds "11"]
[EventCountry "DEN"]
[SourceDate "2004.01.01"]

1. d4 Nf6 2. c4 c5 3. e3 cxd4 4. exd4 d5 5. Nf3 Bg4 6. Be2 Nc6 7. cxd5 Nxd5 8.
Nc3 e6 9. Nxd5 Qxd5 10. O-O Be7 11. Be3 O-O 12. Qa4 Rfd8 13. Rfd1 a6 14. Rac1
b5 15. Qb3 Qxb3 16. axb3 Na5 17. h3 Bh5 18. g4 Bg6 19. Ne5 Be4 20. f3 Bd5 21.
Rc7 Re8 22. b4 Nb7 23. Rdc1 f6 24. Nd3 Nd6 25. Rd7 Nc4 26. Bf4 Rac8 27. b3 Nb6
28. Rxc8 Nxc8 29. Bd1 Rd8 30. Rxd8+ Bxd8 31. Nc5 Bb6 32. Kf2 Ne7 33. Bd2 Nc6
34. Bc3 Kf7 35. f4 g6 36. Kg3 a5 37. bxa5 Nxa5 38. b4 Nc4 39. Be2 Bc7 40. Bf3
g5 41. Bxd5 Bxf4+ 42. Kf3 exd5 43. h4 Bd2 44. Bxd2 Nxd2+ 45. Kg3 gxh4+ 46. Kxh4
Nf3+ 47. Kg3 Nxd4 48. Kf4 Ne6+ 49. Ke3 Nxc5 50. bxc5 Ke7 51. Kd4 Ke6 52. Kc3
Kd7 0-1

[Event "24. Copenhagen Open  (Politiken Cup)"]
[Site "Copenhagen"]
[Date "2002.07.24"]
[Round "9"]
[White "Brinck Claussen, Bjorn"]
[Black "Rossen, Claus"]
[Result "1-0"]
[WhiteElo "2369"]
[BlackElo "2185"]
[PlyCount "51"]
[EventDate "2002.07.15"]
[EventType "swiss"]
[EventRounds "11"]
[EventCountry "DEN"]
[SourceDate "2004.01.01"]

1. e4 d6 2. d4 Nf6 3. Nc3 g6 4. f4 Bg7 5. Nf3 O-O 6. Bd3 Na6 7. O-O c5 8. d5
Bg4 9. Qe1 Nb4 10. Qh4 Nxd3 11. cxd3 Bxf3 12. Rxf3 e6 13. dxe6 fxe6 14. f5 exf5
15. exf5 Nd7 16. Bg5 Bf6 17. fxg6 hxg6 18. Ne4 Bd4+ 19. Kh1 Qe8 20. Rh3 Rf7 21.
Nxd6 Qf8 22. Nxf7 Qxf7 23. Rf3 Qe6 24. Re1 Qxa2 25. Qe4 Ne5 26. Bf6 1-0

[Event "24. Copenhagen Open  (Politiken Cup)"]
[Site "Copenhagen"]
[Date "2002.07.24"]
[Round "9"]
[White "Christensen, Christian"]
[Black "Abdagic, Edib"]
[Result "0-1"]
[WhiteElo "2131"]
[BlackElo "1831"]
[PlyCount "126"]
[EventDate "2002.07.15"]
[EventType "swiss"]
[EventRounds "11"]
[EventCountry "DEN"]
[SourceDate "2004.01.01"]

1. g3 d5 2. Bg2 Nf6 3. Nf3 e6 4. O-O b6 5. d3 Bb7 6. Nbd2 Nbd7 7. Re1 Bc5 8. c3
e5 9. b4 Bd6 10. e4 dxe4 11. dxe4 O-O 12. a3 a5 13. Bb2 Qe7 14. Qc2 b5 15. a4
bxa4 16. Rxa4 axb4 17. Rxa8 Rxa8 18. cxb4 Nb6 19. Bf1 Ra4 20. b5 Nfd7 21. Nc4
Nc5 22. Nfxe5 Bxe5 23. Nxe5 Rxe4 24. Rxe4 Nxe4 25. Bg2 Nd6 26. Bxb7 Nxb7 27.
Qc3 Na4 28. Ng6 Nxc3 29. Nxe7+ Kf8 30. Bxc3 Kxe7 31. Bxg7 Nd6 32. Kf1 Nxb5 33.
Ke2 Ke6 34. Kd3 Kd5 35. g4 c5 36. f4 Nd4 37. f5 Nf3 38. h3 Ng5 39. h4 Nf3 40.
Bf6 Ne5+ 41. Kc3 Nxg4 42. Bg5 Nf2 43. Be7 Ne4+ 44. Kd3 c4+ 45. Kc2 Ke5 46. f6
Nxf6 47. Bxf6+ Kxf6 48. Kc3 Ke5 49. Kxc4 f5 50. Kd3 Kf4 51. Kd4 Kf3 52. h5 f4
53. h6 Kg3 54. Ke5 f3 55. Kf6 f2 56. Kg7 f1=Q 57. Kxh7 Kg4 58. Kg8 Qc4+ 59. Kg7
Kg5 60. h7 Qc7+ 61. Kg8 Kg6 62. h8=N+ Kf6 63. Ng6 Qg7# 0-1

[Event "24. Copenhagen Open  (Politiken Cup)"]
[Site "Copenhagen"]
[Date "2002.07.24"]
[Round "9"]
[White "Christensen, Christoffer"]
[Black "Casagrande, Fabio"]
[Result "0-1"]
[WhiteElo "1464"]
[BlackElo "2035"]
[PlyCount "118"]
[EventDate "2002.07.15"]
[EventType "swiss"]
[EventRounds "11"]
[EventCountry "DEN"]
[SourceDate "2004.01.01"]

1. e4 e6 2. d3 d5 3. Nd2 Nf6 4. e5 Nfd7 5. Ngf3 c5 6. g3 Nc6 7. Qe2 Qc7 8. Bg2
Ndxe5 9. O-O Be7 10. Re1 Nxf3+ 11. Nxf3 O-O 12. h4 Bd6 13. Ng5 h6 14. Nh3 f6
15. Nf4 Bxf4 16. Bxf4 Qf7 17. Bd6 Re8 18. Bxc5 b6 19. Bxd5 Bd7 20. Bxc6 Bxc6
21. Be3 Qb7 22. Kh2 Bf3 23. Qd2 g5 24. Rg1 Kf7 25. g4 Qc7+ 26. Kh3 f5 27. gxf5
g4+ 28. Rxg4 Bxg4+ 29. Kxg4 exf5+ 30. Kh3 Rg8 31. Bxh6 Qc6 32. Bg5 Qf3+ 33. Kh2
Rae8 34. Qf4 Qxf4+ 35. Bxf4 Re2 36. Bg5 Rxf2+ 37. Kg3 Rxc2 38. d4 Rd2 39. Kf4
Rxd4+ 40. Kxf5 Rc8 41. Rc1 Rxc1 42. Bxc1 Rxh4 43. Bd2 Rd4 44. Bc3 Rd5+ 45. Ke4
Ke6 46. Bd4 Kd6 47. Kd3 Kc6 48. Kc3 a6 49. Bg7 Rg5 50. Bf6 Rg3+ 51. Kc2 b5 52.
a3 Kd5 53. Bc3 Kc4 54. Bf6 Rg2+ 55. Kc1 Kb3 56. Be5 Rc2+ 57. Kb1 Rf2 58. Kc1
Rf1+ 59. Kd2 Rb1 0-1

[Event "24. Copenhagen Open  (Politiken Cup)"]
[Site "Copenhagen"]
[Date "2002.07.24"]
[Round "9"]
[White "Christensen, Janus"]
[Black "Brasoy, Aksel"]
[Result "0-1"]
[WhiteElo "1961"]
[BlackElo "1665"]
[PlyCount "106"]
[EventDate "2002.07.15"]
[EventType "swiss"]
[EventRounds "11"]
[EventCountry "DEN"]
[SourceDate "2004.01.01"]

1. e4 c5 2. c3 Nf6 3. e5 Nd5 4. d4 cxd4 5. Nf3 Nc6 6. cxd4 d6 7. Qb3 dxe5 8.
dxe5 e6 9. Bd2 Be7 10. Bc4 O-O 11. O-O Na5 12. Bxa5 Qxa5 13. Rd1 Nb6 14. Bd3
Bd7 15. Nc3 Ba4 16. Nxa4 Qxa4 17. Qxa4 Nxa4 18. Bc2 Nb6 19. Be4 Rac8 20. Bxb7
Rc2 21. Rab1 Bc5 22. Nd4 Bxd4 23. Rxd4 Rb8 24. Be4 Rc5 25. f4 g5 26. b4 Rc3 27.
g3 gxf4 28. gxf4 Rbc8 29. Rbd1 Ra3 30. Rd8+ Rxd8 31. Rxd8+ Kg7 32. Rd2 Ra4 33.
Rb2 Nc4 34. Rb3 Rxa2 35. Rg3+ Kh8 36. Rc3 Nb6 37. Rc7 Kg7 38. Bc6 Rc2 39. b5
Nd5 40. Rxa7 Nxf4 41. Be8 Rc1+ 42. Kf2 Nd3+ 43. Ke3 Nxe5 44. Ke4 Kf6 45. Rb7
Rc4+ 46. Ke3 Rc8 47. Kd4 Rxe8 48. Kc5 Rc8+ 49. Kb6 Nc4+ 50. Ka7 Rc5 51. b6 Ra5+
52. Kb8 Rb5 53. Kc7 Rxb6 0-1

[Event "24. Copenhagen Open  (Politiken Cup)"]
[Site "Copenhagen"]
[Date "2002.07.24"]
[Round "9"]
[White "Cohen, Ronnie"]
[Black "Manley, Christian"]
[Result "0-1"]
[WhiteElo "1800"]
[BlackElo "1469"]
[PlyCount "77"]
[EventDate "2002.07.15"]
[EventType "swiss"]
[EventRounds "11"]
[EventCountry "DEN"]
[SourceDate "2004.01.01"]

1. e4 d5 2. exd5 Qxd5 3. Nc3 Qa5 4. Nf3 Bf5 5. d3 c6 6. Bd2 e6 7. Be2 Nf6 8.
Ne4 Qd8 9. Ng3 Bg6 10. O-O Nbd7 11. Re1 Be7 12. Bf1 O-O 13. d4 Nd5 14. c3 Qb6
15. Qc1 h6 16. Bc4 Rfe8 17. Bb3 Rac8 18. Bc2 Bxc2 19. Qxc2 c5 20. dxc5 Bxc5 21.
Ne4 Red8 22. Nxc5 Qxc5 23. Qb3 N7b6 24. Rad1 Nc4 25. Bc1 b5 26. a3 a5 27. h3 a4
28. Qc2 Ncb6 29. Qe4 Nf6 30. Qh4 Rd6 31. Bxh6 Nc4 32. Bc1 Rcd8 33. Rxd6 Rxd6
34. Nd4 Nd5 35. Nf5 Nf6 36. Nxd6 Qxd6 37. Qd4 Qc7 38. Rd1 Nd5 39. Rd3 {Time}
0-1

[Event "24. Copenhagen Open  (Politiken Cup)"]
[Site "Copenhagen"]
[Date "2002.07.24"]
[Round "9"]
[White "Collins, Sam"]
[Black "Bering, Anders"]
[Result "1-0"]
[WhiteElo "2313"]
[BlackElo "2119"]
[PlyCount "63"]
[EventDate "2002.07.15"]
[EventType "swiss"]
[EventRounds "11"]
[EventCountry "DEN"]
[SourceDate "2004.01.01"]

1. e4 e5 2. Nf3 Nc6 3. Nc3 Nf6 4. Bb5 Bb4 5. O-O d6 6. Nd5 Bc5 7. d4 exd4 8.
Bg5 Bd7 9. Bxc6 bxc6 10. Nxf6+ gxf6 11. Bh4 Rg8 12. Nxd4 Bh3 13. Bg3 Bg4 14.
Qd3 Bxd4 15. Qxd4 c5 16. Qd5 Rg5 17. Qc6+ Bd7 18. Qa6 Qc8 19. Qc4 Qb7 20. Qc3
Rg6 21. a3 Rb8 22. Rab1 Qc6 23. Rfe1 Ke7 24. Re3 Rbg8 25. b4 cxb4 26. Rxb4 Qxc3
27. Rxc3 h5 28. Rxc7 h4 29. Rbb7 hxg3 30. Rxd7+ Ke8 31. Re7+ Kd8 32. fxg3 1-0

[Event "24. Copenhagen Open  (Politiken Cup)"]
[Site "Copenhagen"]
[Date "2002.07.24"]
[Round "9"]
[White "Dalsberg, Sandra de Blecourt"]
[Black "Soraas, Torben"]
[Result "1-0"]
[WhiteElo "2082"]
[BlackElo "1776"]
[PlyCount "69"]
[EventDate "2002.07.15"]
[EventType "swiss"]
[EventRounds "11"]
[EventCountry "DEN"]
[SourceDate "2004.01.01"]

1. d4 Nf6 2. Bg5 e6 3. e4 h6 4. Bxf6 Qxf6 5. Nc3 Bb4 6. Qd2 c5 7. e5 Qe7 8. a3
Bxc3 9. Qxc3 b6 10. b4 O-O 11. Be2 cxd4 12. Qf3 Nc6 13. b5 Na5 14. Bd3 Bb7 15.
Qg3 Qc5 16. Ne2 Nc4 17. f4 Rac8 18. O-O Ne3 19. Rf2 d6 20. Re1 Nf5 21. Bxf5
exf5 22. Qd3 dxe5 23. fxe5 Be4 24. Qxd4 Qxb5 25. Ng3 Rfd8 26. Qe3 Bxc2 27. Nh5
Rc6 28. Qg3 Rg6 29. Qc3 Be4 30. Qc7 Rd7 31. Qc8+ Kh7 32. Nf4 Rg4 33. e6 fxe6
34. Nxe6 Qd5 35. Nf8+ 1-0

[Event "24. Copenhagen Open  (Politiken Cup)"]
[Site "Copenhagen"]
[Date "2002.07.24"]
[Round "9"]
[White "Draeger, Michael"]
[Black "Hansen, Morten Lyck"]
[Result "0-1"]
[WhiteElo "1549"]
[BlackElo "1854"]
[PlyCount "80"]
[EventDate "2002.07.15"]
[EventType "swiss"]
[EventRounds "11"]
[EventCountry "DEN"]
[SourceDate "2004.01.01"]

1. e4 c6 2. d4 d5 3. Nc3 dxe4 4. Nxe4 Bf5 5. Ng3 Bg6 6. h4 h6 7. h5 Bh7 8. Nf3
Nd7 9. Bd3 Bxd3 10. Qxd3 e6 11. Be3 Ngf6 12. Ne5 Nxe5 13. dxe5 Qa5+ 14. Qd2
Qxe5 15. O-O-O Be7 16. Rhe1 Rd8 17. Qe2 Rxd1+ 18. Qxd1 Qa5 19. Kb1 O-O 20. Bd2
Qd5 21. Qe2 Rd8 22. Bc1 a5 23. f4 Bb4 24. Rf1 a4 25. f5 e5 26. Rh1 b5 27. a3
Ba5 28. Rh4 Bc7 29. Ne4 Nxe4 30. Rxe4 Qd1 31. f6 Qxe2 32. Rxe2 Rd1 33. Rd2 Rh1
34. g4 e4 35. g5 hxg5 36. Rd7 Bf4 37. Rd8+ Kh7 38. fxg7 Kxg7 39. h6+ Rxh6 40.
Bxf4 gxf4 0-1

[Event "24. Copenhagen Open  (Politiken Cup)"]
[Site "Copenhagen"]
[Date "2002.07.24"]
[Round "9"]
[White "Edvardsson, Hannu Kalervo"]
[Black "Opstrup, Niels"]
[Result "1/2-1/2"]
[WhiteElo "1300"]
[BlackElo "1196"]
[PlyCount "117"]
[EventDate "2002.07.15"]
[EventType "swiss"]
[EventRounds "11"]
[EventCountry "DEN"]
[SourceDate "2004.01.01"]

1. e4 d5 2. exd5 Nf6 3. c4 e6 4. dxe6 Bxe6 5. Nf3 Qe7 6. Qe2 Nc6 7. a3 O-O-O 8.
g3 Qd7 9. Bg2 Re8 10. O-O Bh3 11. Qd1 Bd6 12. Ng5 Bxg2 13. Kxg2 Ne5 14. d3 h5
15. h3 h4 16. g4 Nexg4 17. hxg4 Nxg4 18. f3 Ne3+ 19. Bxe3 Rxe3 20. Nh3 Bg3 21.
Nc3 Rxd3 22. Qa4 Rd2+ 23. Rf2 Rxf2+ 24. Nxf2 Qd2 25. Nce4 Qe3 26. Qc2 Rd8 27.
Rd1 Rxd1 28. Qxd1 Be5 29. Qd3 Qf4 30. Kf1 b6 31. b4 f5 32. Nd2 g5 33. c5 bxc5
34. bxc5 c6 35. Nc4 Bc7 36. Ne3 Qxf3 37. Qxf5+ Qxf5 38. Nxf5 Bf4 39. Nh3 Bc1
40. a4 Kb7 41. Nd6+ Ka6 42. Ne4 g4 43. Nhf2 g3 44. Nh3 Ka5 45. Neg5 Kxa4 46.
Nf3 Kb4 47. Nxh4 Kxc5 48. Nf5 Kc4 49. Nxg3 a5 50. Ke1 Kd3 51. Kd1 Be3 52. Nf5
Bb6 53. Kc1 Kc3 54. Kb1 c5 55. Ne3 c4 56. Nd5+ Kb3 57. Nxb6 c3 58. Nf4 a4 59.
Nxa4 1/2-1/2

[Event "24. Copenhagen Open  (Politiken Cup)"]
[Site "Copenhagen"]
[Date "2002.07.24"]
[Round "9"]
[White "Frank Nielsen, Marie"]
[Black "Trarup, Jorgen"]
[Result "1-0"]
[WhiteElo "1544"]
[BlackElo "1270"]
[PlyCount "71"]
[EventDate "2002.07.15"]
[EventType "swiss"]
[EventRounds "11"]
[EventCountry "DEN"]
[SourceDate "2004.01.01"]

1. e4 c5 2. Bc4 e6 3. Nc3 a6 4. a4 Nc6 5. d3 Be7 6. Nge2 Ne5 7. Bb3 Ng6 8. O-O
Bf6 9. f4 Bxc3 10. Nxc3 d6 11. Qe2 N6e7 12. Be3 Nc6 13. Qf2 Nf6 14. h3 O-O 15.
Ne2 Bd7 16. e5 dxe5 17. fxe5 Nxe5 18. Bxc5 Re8 19. Bd4 Ng6 20. Bxf6 gxf6 21.
Qxf6 Qb6+ 22. Qf2 Qxf2+ 23. Rxf2 b5 24. axb5 axb5 25. Rff1 Red8 26. Rxa8 Rxa8
27. Nf4 Kf8 28. Nxe6+ Ke7 29. Nc5 Be8 30. Re1+ Kd6 31. Ne4+ Ke7 32. Ng5+ Kf6
33. Nxh7+ Kg7 34. Ng5 f6 35. Ne6+ Kh6 36. Nc7 1-0